Tazkirah-e-rekhti (Record no. 455958)

MARC details
000 -LEADER
fixed length control field 00508nam a2200193Ia 4500
003 - CONTROL NUMBER IDENTIFIER
control field OSt
005 - DATE AND TIME OF LATEST TRANSACTION
control field 20250902160020.0
008 - FIXED-LENGTH DATA ELEMENTS--GENERAL INFORMATION
fixed length control field 220923b |||||||| |||| 00| 0 urd d
037 ## - SOURCE OF ACQUISITION
Terms of availability TB
040 ## - CATALOGING SOURCE
Original cataloging agency ARTS
Transcribing agency ARTS
Language of cataloging urd
041 ## - LANGUAGE CODE
Source of code urd
Language code of text/sound track or separate title urd
084 ## - COLON CLASSIFICATION NUMBER
Classification number O168,1:gN3 G9
Assigning agency AL
100 ## - MAIN ENTRY--PERSONAL NAME
Personal name Kazmi Sayed Tahkeen
9 (RLIN) 216952
245 #0 - TITLE STATEMENT
Title Tazkirah-e-rekhti
260 ## - PUBLICATION, DISTRIBUTION, ETC.
Date of publication, distribution, etc. 1939
650 ## - SUBJECT ADDED ENTRY--TOPICAL TERM
Topical term or geographic name entry element URDU POETRY
942 ## - ADDED ENTRY ELEMENTS (KOHA)
Classification part O168,1:gN3 G9
Koha item type Textbook
Source of classification or shelving scheme Colon Classification (CC)
Suppress in OPAC No
Holdings
Withdrawn status Lost status Damaged status Not for loan Home library Current library Date acquired Total Checkouts Full call number Barcode Date last seen Price effective from Koha item type
        Arts Library Arts Library 2022-09-24   O168,1:gw2.N3 G9 AL0021057 2022-09-24 2022-09-24 Textual
Copyright @ Delhi University Library System